Théa - Juste Amis (Paroles) - Statistiques

Statistiques générales
  • Ce quiz a été pris 27 fois
  • Le résultat moyen est 347 sur 477
Statistiques - réponses
Réponse % Correct
amis
100%
just
100%
juste
100%
la
100%
tu
100%
Tu
100%
dans
95%
Dans
95%
de
95%
I
95%
le
95%
on
95%
On
95%
reste
95%
Si
95%
si
95%
tout
95%
veux
95%
ça
90%
comme
90%
(comme)
90%
Ça
90%
do
90%
Je
90%
je
90%
"je"
90%
les
90%
(les)
90%
ma
90%
nuit
90%
ou
90%
paris
90%
Paris
90%
pas
90%
savait
90%
tes
90%
t'es
90%
toute
90%
bar
85%
c'est
85%
faire
85%
ken
85%
No
85%
caissons
80%
ira
80%
j'ai
80%
J'ai
80%
j'veux
80%
J'veux
80%
main
80%
Mais
80%
mais
80%
moi
80%
now
80%
parle
80%
peut
80%
peux
80%
que
80%
right
80%
sais
80%
soir
80%
toi
80%
un
80%
vie
80%
amical
75%
bras
75%
danser
75%
du
75%
Et
75%
habits
75%
lancer
75%
mean
75%
mean ?
75%
m'endormir
75%
restes
75%
sur
75%
toilettes
75%
tour
75%
une
75%
vois
75%
barricades
70%
be
70%
d'basse
70%
défaire
70%
en
70%
glace
70%
Ouais
70%
prends
70%
promis
70%
subs
70%
tequila
70%
toits
70%
ton
70%
vider
70%
voyais
70%
capitale
65%
coeur
65%
députés
65%
députes
65%
fait
65%
faut
65%
mon
65%
Oh
65%
(oh)
65%
Pour
65%
quand
65%
regard
65%
s'tenir
65%
amour
60%
bien
60%
cramer
60%
crois
60%
dernière
60%
dit
60%
d'la
60%
fêlé
60%
fesses
60%
goût
60%
j'te
60%
J'te
60%
lu
60%
mecs
60%
m'habille
60%
promets
60%
qu'on
60%
relous
60%
seule
60%
"t'aime"
60%
teknivals
60%
trace
60%
classe
55%
défoncer
55%
est
55%
J'étais
55%
j'étais
55%
j'irai
55%
J'irai
55%
laisser
55%
place
55%
qu'j'aime
55%
(autres)
50%
belle
50%
enfui
50%
finir
50%
Ice
50%
m'croques
50%
qu'il
50%
that
50%
you
50%
avant
45%
dead
45%
die
45%
don't
45%
Parce
45%
phalanges
45%
s'aimer
45%
say
45%
what
45%
bile
40%
can't
40%
croyais
40%
d'hab
40%
genre
40%
marrer
40%
mot
40%
qu'la
40%
rien
40%
sans
40%
sauter
40%
serrées
40%
t'as
40%
try
40%
believe
35%
fais-moi
35%
friends
35%
it ?
35%
know
35%
person
35%
rappel
35%
the
35%
Ah
30%
all
30%
been
30%
chanterai
30%
going
30%
J'en
30%
other
30%
people
30%
this
30%
time
30%
with
30%
for
25%
(I'm)
25%
isn't
25%
looking
25%
off
25%
we've
25%
anything
20%
(boy)
20%
could've
20%
finding
20%
happened
20%
(hungry)
20%
it's
20%
normal
20%
not
20%
them
20%
(Uh)
20%
weird
20%
and
15%
And
15%
like
15%
it'd
10%
It'd
10%
We'd
10%
Aucun quiz correspondant
Distribution des résultats
% des personnes avec chaque résultat
Percentile par nombre de réponses
Votre historique - résultats
Vous n’avez pas pris ce quiz